000 01389nam a22002177a 4500
003 JO-AjAnu
005 20250929132058.0
008 250928b jo ||||| |||| 00| 0 ara d
040 _aJO-AjAnu
_bara
_cJO-AjAnu
_dJO-AjAnu
_erda
041 0 _aara
_hara
050 _aHD37
_b2025
100 1 _aالمومني، احلام علي صالح
_eمعد
_966670
245 0 _aأثر تطوير القدرات التكنولوجية على إعادة هندسة العمليات الإنتاجية في مصانع الألبسة الأردنية = The Impact of Technological Capability Development on the Business Process Reengineering in Jordanian Garment Factories /
_cاعداد أحلام علي صالح المومني ؛ مشرف رئيسي نضال فواز حسين القضاة ، مشرف مشارك محمد سليمان محمد جرادات
260 _a2025
300 _a115 ورقة
504 _aرسالة جامعية( رسالة ماجستير في ادارة اعمال) - جامعة عجلون الوطنية (عجلون، الاردن)- كلية الاعمال، قسم ادارة الاعمال، 2025.
650 7 0 _aالعمليات الانتاجية- الادارة.
_966671
700 1 _aالقضاة، نضال فواز حسين
_964939
_eمشرف رئيسي
700 1 _aجرادات، محمد سليمان
_950038
_eمشرف مشارك
942 _2lcc
_cTHS
_n0
999 _c33996
_d33996